01199 2200349 4500001002100000005001500021035002000036007000300056008004100059020002200100040002200122082001500144084001700159100003500176245017100211250002600382300002800408650002300436700003300459700003600492700002900528850001200557264007900569336002100648337003000669338002300699041001300722546005500735090001900790990002000809990002000829INLIS00000000088562420240416120025 a0010-0424000251ta240416s2023 jkia b 1 ind d a978-623-112-576-7 aYOPDYOGbinderda04223a028.55 a028.55 ALB u0 aAlbani Daru SuwarsoePengarang10aUrip rukun lung tinulung = hidup rukun tolong menolong /cAlbani Daru Suwarso; ilustrator, Banuarli Ambardi; penerjemah, Albani Daru Suwarso; penyunting, Aji Prasetyo aCetakan Pertama, 2023 aii, 24 halaman ;c30 cm 4aBacaan kanak-kanak0 aBanuarli AmbardieIlustrator0 aAlbani Daru SuwarsoePenerjemah0 aAji PrasetyoePenyunting aYOPDYOG31aJakarta :bKementerian Pendidikan, Kebudayaan, Riset, dan Teknologi,c2023 2rdacontentateks 2rdamediaatanpa perantara 2rdacarrieravolume ajavhind aTeks terdiri dari Bahasa Jawa dan Bahasa Indonesia aK 028.55 ALB u a71866-PD/A.2024 a71867-PD/A.2024